Loading...
| Fine Arts - Auditory Fine Arts | 5 | 14.00 | 100% | 20% | 20% |
| Fine Arts - Visual Fine Arts | 6 | 23.33 | 100% | 83% | 50% |
| Geography | 7 | 15.71 | 100% | 29% | 29% |
| History - American History | 6 | 21.67 | 100% | 83% | 33% |
| History - Ancient History | 7 | 21.43 | 100% | 100% | 14% |
| History - European History | 5 | 18.00 | 100% | 80% | 0% |
| History - World History | 4 | 17.50 | 100% | 75% | 0% |
| Literature - American Literature | 2 | 15.00 | 100% | 50% | 0% |
| Literature - British Literature | 6 | 15.00 | 100% | 33% | 17% |
| Literature - European Literature | 4 | 10.00 | 100% | 0% | 0% |
| Literature - World Literature | 6 | 10.00 | 67% | 33% | 0% |
| Mythology | 3 | 13.33 | 100% | 33% | 0% |
| Other Academic | 3 | 20.00 | 100% | 33% | 67% |
| Philosophy | 4 | 10.00 | 50% | 50% | 0% |
| Religion | 6 | 13.33 | 100% | 33% | 0% |
| Science - Biology | 3 | 3.33 | 33% | 0% | 0% |
| Science - Chemistry | 8 | 6.25 | 63% | 0% | 0% |
| Science - Other Science | 9 | 17.78 | 133% | 0% | 44% |
| Science - Physics | 6 | 1.67 | 17% | 0% | 0% |
| Social Science | 8 | 12.50 | 88% | 38% | 0% |